[Event "Glorney Gilbert International 2017 - Glorney"]
[Site "Daventry, England"]
[Date "2017.07.24"]
[Round "2.1"]
[White "Mulligan, Scott"]
[Black "Kieffer, Anatole"]
[Result "0-1"]
[BlackElo "2199"]
[WhiteElo "1986"]
[LiveChessVersion "1.4.6"]

1. e4 {[%clk 1:30:57]} d5 {[%clk 1:30:55]} 2. exd5 {[%clk 1:30:27]} Qxd5
{[%clk 1:31:16]} 3. Nf3 {[%clk 1:30:53]} Bg4 {[%clk 1:31:02]} 4. Be2
{[%clk 1:31:19]} Nf6 {[%clk 1:30:01]} 5. d4 {[%clk 1:31:32]} Nc6 {[%clk 1:28:41]}
6. Be3 {[%clk 1:31:24]} O-O-O {[%clk 1:28:03]} 7. O-O {[%clk 1:30:36]} h5
{[%clk 1:25:24]} 8. a3 {[%clk 1:23:46]} Qf5 {[%clk 1:21:23]} 9. c4
{[%clk 1:21:11]} e5 {[%clk 1:16:56]} 10. d5 {[%clk 1:20:22]} Bxf3
{[%clk 1:17:09]} 11. Bxf3 {[%clk 1:19:32]} e4 {[%clk 1:17:12]} 12. Be2
{[%clk 1:12:13]} Ng4 {[%clk 1:13:03]} 13. Qa4 {[%clk 0:49:21]} Qe5
{[%clk 1:11:44]} 14. g3 {[%clk 0:44:19]} Nxe3 {[%clk 1:07:09]} 15. fxe3
{[%clk 0:43:00]} Bc5 {[%clk 1:06:16]} 16. dxc6 {[%clk 0:38:00]} Bxe3+
{[%clk 1:05:58]} 17. Kh1 {[%clk 0:38:21]} h4 {[%clk 1:01:41]} 18. g4
{[%clk 0:34:17]} Qxb2 {[%clk 0:55:50]} 19. Qb5 {[%clk 0:32:13]} Qxb5
{[%clk 0:56:06]} 20. cxb5 {[%clk 0:32:37]} f6 {[%clk 0:55:55]} 21. Nc3
{[%clk 0:30:09]} Rd2 {[%clk 0:53:08]} 22. g5 {[%clk 0:29:27]} fxg5
{[%clk 0:52:50]} 23. Bg4+ {[%clk 0:29:26]} Kb8 {[%clk 0:52:59]} 24. Rad1
{[%clk 0:24:11]} Rb2 {[%clk 0:49:53]} 25. Nd5 {[%clk 0:23:27]} Bc5
{[%clk 0:49:17]} 26. Rb1 {[%clk 0:16:54]} Ra2 {[%clk 0:48:15]} 27. Ra1
{[%clk 0:10:13]} Rb2 {[%clk 0:48:12]} 28. Rab1 {[%clk 0:10:33]} Ra2
{[%clk 0:48:26]} 29. Nc3 {[%clk 0:08:50]} Rxa3 {[%clk 0:47:36]} 30. Nxe4
{[%clk 0:09:14]} Be3 {[%clk 0:47:01]} 31. h3 {[%clk 0:07:08]} Bf4
{[%clk 0:47:13]} 32. Rb2 {[%clk 0:07:08]} b6 {[%clk 0:45:39]} 33. Re1
{[%clk 0:06:04]} Rd8 {[%clk 0:44:03]} 34. Rbe2 {[%clk 0:05:26]} a6
{[%clk 0:44:04]} 35. Nf2 {[%clk 0:03:49]} axb5 {[%clk 0:43:36]} 36. Re8
{[%clk 0:04:11]} Rxe8 {[%clk 0:43:46]} 37. Rxe8+ {[%clk 0:04:36]} Ka7
{[%clk 0:44:11]} 38. Bc8 {[%clk 0:04:48]} b4 {[%clk 0:44:30]} 39. Ne4
{[%clk 0:02:21]} b5 {[%clk 0:43:50]} 40. Bb7 {[%clk 0:01:39]} Ra1+
{[%clk 0:43:20]} 41. Kg2 {[%clk 0:02:07]} Ra2+ {[%clk 0:43:36]} 42. Kf3
{[%clk 0:02:05]} Kb6 {[%clk 0:43:35]} 43. Rb8 {[%clk 0:01:03]} b3
{[%clk 0:43:52]} 0-1

[Event "Glorney Gilbert International 2017 - Glorney"]
[Site "Daventry, England"]
[Date "2017.07.24"]
[Round "2.2"]
[White "Albaric, Etienne"]
[Black "Byrne, Alex"]
[Result "1-0"]
[BlackElo "1949"]
[WhiteElo "2089"]
[LiveChessVersion "1.4.6"]

1. e4 {[%clk 1:30:31]} e6 {[%clk 1:30:56]} 2. d4 {[%clk 1:30:57]} d5
{[%clk 1:31:21]} 3. Nc3 {[%clk 1:31:23]} Bb4 {[%clk 1:31:48]} 4. a3
{[%clk 1:31:40]} Bxc3+ {[%clk 1:32:10]} 5. bxc3 {[%clk 1:32:05]} dxe4
{[%clk 1:32:04]} 6. Qg4 {[%clk 1:32:00]} Nf6 {[%clk 1:32:33]} 7. Qxg7
{[%clk 1:32:12]} Rg8 {[%clk 1:33:02]} 8. Qh6 {[%clk 1:32:34]} c5 {[%clk 1:32:21]}
9. Ne2 {[%clk 1:28:09]} Nbd7 {[%clk 1:31:36]} 10. Qe3 {[%clk 1:22:03]} b6
{[%clk 1:30:14]} 11. Ng3 {[%clk 1:12:58]} Bb7 {[%clk 1:28:16]} 12. Be2
{[%clk 1:07:24]} Qc7 {[%clk 1:24:08]} 13. Qf4 {[%clk 1:00:52]} e5
{[%clk 1:17:43]} 14. dxe5 {[%clk 0:57:23]} Nd5 {[%clk 1:15:14]} 15. Qh4
{[%clk 0:46:20]} Nxc3 {[%clk 1:11:22]} 16. e6 {[%clk 0:42:33]} Ne5
{[%clk 1:05:08]} 17. exf7+ {[%clk 0:31:50]} Qxf7 {[%clk 1:04:05]} 18. Bh5
{[%clk 0:29:29]} Ng6 {[%clk 1:03:31]} 19. Qg5 {[%clk 0:27:26]} Nb5
{[%clk 0:51:29]} 20. O-O {[%clk 0:21:45]} Rf8 {[%clk 0:43:39]} 21. Bb2
{[%clk 0:17:03]} Nc7 {[%clk 0:34:35]} 22. Rad1 {[%clk 0:12:13]} Ne6
{[%clk 0:19:30]} 23. Qe3 {[%clk 0:12:36]} Qf4 {[%clk 0:18:52]} 24. Qe2
{[%clk 0:11:58]} Rd8 {[%clk 0:16:48]} 25. Rxd8+ {[%clk 0:08:54]} Kxd8
{[%clk 0:16:44]} 26. Qc4 {[%clk 0:08:12]} Nc7 {[%clk 0:13:47]} 27. Bc1
{[%clk 0:07:57]} Qe5 {[%clk 0:10:51]} 28. Bh6 {[%clk 0:07:46]} Re8
{[%clk 0:08:52]} 29. Bg4 {[%clk 0:07:11]} Nd5 {[%clk 0:05:43]} 30. Nf5
{[%clk 0:06:04]} Kc7 {[%clk 0:05:20]} 31. Re1 {[%clk 0:05:07]} Qc3
{[%clk 0:04:00]} 32. Qxc3 {[%clk 0:04:43]} Nxc3 {[%clk 0:04:29]} 33. Bd2
{[%clk 0:04:18]} Nb5 {[%clk 0:03:55]} 34. Bc1 {[%clk 0:04:12]} Nd4
{[%clk 0:03:46]} 35. c3 {[%clk 0:03:48]} Nxf5 {[%clk 0:02:08]} 36. Bxf5
{[%clk 0:04:18]} Bc6 {[%clk 0:01:44]} 37. Bg5 {[%clk 0:03:56]} Bd7
{[%clk 0:01:33]} 38. Rxe4 {[%clk 0:03:34]} Rxe4 {[%clk 0:01:25]} 39. Bxe4
{[%clk 0:04:03]} Kd6 {[%clk 0:01:30]} 40. f4 {[%clk 0:03:36]} b5 {[%clk 0:01:34]}
41. f5 {[%clk 0:03:21]} Nf8 {[%clk 0:01:21]} 42. Bh6 {[%clk 0:03:19]} Ke7
{[%clk 0:01:43]} 43. g4 {[%clk 0:02:35]} Be8 {[%clk 0:01:36]} 44. f6+
{[%clk 0:01:37]} Kf7 {[%clk 0:01:54]} 45. Bxf8 {[%clk 0:01:33]} Kxf8
{[%clk 0:02:23]} 46. Bxh7 {[%clk 0:01:59]} Kf7 {[%clk 0:02:39]} 47. g5
{[%clk 0:02:28]} a5 {[%clk 0:03:00]} 48. Bc2 {[%clk 0:01:50]} b4 {[%clk 0:03:24]}
49. cxb4 {[%clk 0:02:02]} cxb4 {[%clk 0:03:50]} 50. axb4 {[%clk 0:02:29]} axb4
{[%clk 0:04:17]} 51. Kf2 {[%clk 0:02:29]} Bc6 {[%clk 0:04:26]} 52. Bb3+
{[%clk 0:02:36]} 1-0

[Event "Glorney Gilbert International 2017 - Glorney"]
[Site "Daventry, England"]
[Date "2017.07.24"]
[Round "2.3"]
[White "Higgins, Michael"]
[Black "Guerlach, Keigo"]
[Result "0-1"]
[BlackElo "2032"]
[WhiteElo "1955"]
[LiveChessVersion "1.4.6"]

1. c4 {[%clk 1:30:39]} e6 {[%clk 1:30:16]} 2. g3 {[%clk 1:31:04]} g6
{[%clk 1:28:43]} 3. Bg2 {[%clk 1:31:28]} Bg7 {[%clk 1:29:12]} 4. Nf3
{[%clk 1:31:49]} Nf6 {[%clk 1:28:23]} 5. O-O {[%clk 1:32:12]} O-O
{[%clk 1:28:35]} 6. Nc3 {[%clk 1:28:45]} d5 {[%clk 1:26:17]} 7. cxd5
{[%clk 1:28:54]} exd5 {[%clk 1:26:44]} 8. d4 {[%clk 1:28:46]} c6 {[%clk 1:26:16]}
9. Re1 {[%clk 1:24:21]} Bg4 {[%clk 1:12:36]} 10. h3 {[%clk 1:17:48]} Bxf3
{[%clk 1:11:23]} 11. Bxf3 {[%clk 1:18:08]} Nbd7 {[%clk 1:10:33]} 12. Kh2
{[%clk 1:14:43]} Re8 {[%clk 1:08:03]} 13. Rb1 {[%clk 1:07:59]} Ne4
{[%clk 1:03:08]} 14. Nxe4 {[%clk 1:06:24]} dxe4 {[%clk 1:03:32]} 15. Bg2
{[%clk 1:06:44]} Qf6 {[%clk 1:03:34]} 16. Be3 {[%clk 1:02:27]} Nb6
{[%clk 1:00:35]} 17. Qc2 {[%clk 0:58:02]} Nd5 {[%clk 1:00:09]} 18. Rf1
{[%clk 0:54:50]} Qe6 {[%clk 0:54:24]} 19. b3 {[%clk 0:52:36]} Rad8
{[%clk 0:31:15]} 20. Rfd1 {[%clk 0:48:10]} Nxe3 {[%clk 0:30:16]} 21. fxe3
{[%clk 0:48:31]} Qd5 {[%clk 0:30:16]} 22. Rbc1 {[%clk 0:38:49]} Qg5
{[%clk 0:28:06]} 23. Qd2 {[%clk 0:37:22]} Be5 {[%clk 0:28:10]} 24. Qe1
{[%clk 0:36:04]} Bd6 {[%clk 0:26:42]} 25. Qf2 {[%clk 0:34:10]} h5
{[%clk 0:24:36]} 26. Bh1 {[%clk 0:32:04]} h4 {[%clk 0:24:00]} 27. Rg1
{[%clk 0:32:22]} Re6 {[%clk 0:11:23]} 28. Rc3 {[%clk 0:29:57]} hxg3+
{[%clk 0:06:24]} 29. Rxg3 {[%clk 0:30:18]} f5 {[%clk 0:04:32]} 30. Rc5
{[%clk 0:28:25]} Bxg3+ {[%clk 0:04:46]} 31. Qxg3 {[%clk 0:28:50]} Qxg3+
{[%clk 0:05:10]} 32. Kxg3 {[%clk 0:29:16]} Rd5 {[%clk 0:05:02]} 33. Rc2
{[%clk 0:29:37]} Kf7 {[%clk 0:04:37]} 34. h4 {[%clk 0:29:57]} b6 {[%clk 0:03:36]}
35. b4 {[%clk 0:29:55]} c5 {[%clk 0:02:54]} 36. dxc5 {[%clk 0:30:00]} bxc5
{[%clk 0:03:23]} 37. bxc5 Rc6 {[%clk 0:03:44]} 38. Rb2 {[%clk 0:29:17]} Rdxc5
{[%clk 0:04:04]} 39. Bg2 {[%clk 0:29:27]} Rc2 {[%clk 0:04:15]} 40. Rb7+
{[%clk 0:29:51]} Rc7 {[%clk 0:04:38]} 41. Rxc7+ {[%clk 0:30:06]} Rxc7
{[%clk 0:05:06]} 42. Bh3 {[%clk 0:30:28]} Kf6 {[%clk 0:05:05]} 43. Kf4
{[%clk 0:30:52]} Rc5 {[%clk 0:05:15]} 0-1

[Event "Glorney Gilbert International 2017 - Glorney"]
[Site "Daventry, England"]
[Date "2017.07.24"]
[Round "2.4"]
[White "Afraoui, Anaelle"]
[Black "Melaugh, Shane"]
[Result "0-1"]
[BlackElo "1928"]
[WhiteElo "2017"]
[LiveChessVersion "1.4.6"]

1. e4 {[%clk 1:30:58]} c5 {[%clk 1:29:51]} 2. Nf3 {[%clk 1:31:17]} Nc6
{[%clk 1:30:14]} 3. d4 {[%clk 1:31:25]} cxd4 {[%clk 1:30:39]} 4. Nxd4
{[%clk 1:31:50]} Nf6 {[%clk 1:31:03]} 5. Nc3 {[%clk 1:32:15]} e5 {[%clk 1:31:29]}
6. Ndb5 {[%clk 1:32:40]} d6 {[%clk 1:31:55]} 7. Nd5 {[%clk 1:33:07]} Nxd5
{[%clk 1:32:17]} 8. exd5 {[%clk 1:33:33]} Ne7 {[%clk 1:32:42]} 9. c4
{[%clk 1:33:24]} Nf5 {[%clk 1:33:08]} 10. Bd3 {[%clk 1:31:59]} Be7
{[%clk 1:33:14]} 11. O-O {[%clk 1:31:34]} a6 {[%clk 1:33:30]} 12. Nc3
{[%clk 1:31:49]} O-O {[%clk 1:33:31]} 13. Kh1 {[%clk 1:30:56]} Nd4
{[%clk 1:30:21]} 14. f4 {[%clk 1:30:23]} g6 {[%clk 1:28:59]} 15. Be3
{[%clk 1:26:11]} Nf5 {[%clk 1:29:13]} 16. Bg1 {[%clk 1:25:26]} Bh4
{[%clk 1:27:59]} 17. Ne4 {[%clk 1:23:17]} Re8 {[%clk 1:17:01]} 18. g3
{[%clk 1:19:22]} Be7 {[%clk 1:17:13]} 19. fxe5 {[%clk 1:19:22]} dxe5
{[%clk 1:17:30]} 20. Be2 {[%clk 1:17:20]} b6 {[%clk 1:14:44]} 21. Bf3
{[%clk 1:17:28]} Nd6 {[%clk 1:09:36]} 22. Qb3 {[%clk 1:15:42]} Nxe4
{[%clk 1:01:50]} 23. Bxe4 {[%clk 1:15:43]} Rb8 {[%clk 1:02:05]} 24. c5
{[%clk 1:08:21]} Bh3 {[%clk 1:02:04]} 25. d6 {[%clk 1:08:27]} Bf6
{[%clk 1:00:14]} 26. Rxf6 {[%clk 1:06:50]} Qxf6 {[%clk 1:00:31]} 27. cxb6
{[%clk 1:06:21]} Qxd6 {[%clk 1:00:19]} 28. b7 {[%clk 1:06:12]} Be6
{[%clk 0:59:51]} 29. Qf3 {[%clk 1:04:49]} f5 {[%clk 0:59:15]} 30. Bc6
{[%clk 1:04:33]} e4 {[%clk 0:59:15]} 31. Qc3 {[%clk 1:04:54]} Bd5
{[%clk 0:59:38]} 32. Bxd5+ {[%clk 0:57:11]} Qxd5 {[%clk 1:00:02]} 33. Be3
{[%clk 0:57:33]} Rxb7 {[%clk 1:00:16]} 34. Kg1 {[%clk 0:57:16]} Rd7
{[%clk 0:59:07]} 35. a3 {[%clk 0:56:23]} Qd3 {[%clk 0:48:57]} 36. Rc1
{[%clk 0:56:32]} Qxc3 {[%clk 0:49:11]} 37. Rxc3 {[%clk 0:56:46]} Rd3
{[%clk 0:49:21]} 38. Rxd3 {[%clk 0:56:24]} exd3 {[%clk 0:49:46]} 39. Kf2
{[%clk 0:56:19]} Rb8 {[%clk 0:50:09]} 40. b4 {[%clk 0:56:13]} Rc8
{[%clk 0:50:30]} 41. Bd2 {[%clk 0:56:11]} Re8 {[%clk 0:50:37]} 42. Be3
{[%clk 0:56:12]} Re4 {[%clk 0:50:59]} 43. h4 {[%clk 0:55:51]} Kf7
{[%clk 0:51:24]} 44. Kf3 {[%clk 0:55:24]} Ke6 {[%clk 0:51:46]} 45. Bd2
{[%clk 0:51:58]} Kd5 {[%clk 0:51:26]} 46. a4 {[%clk 0:52:03]} Kc4
{[%clk 0:51:49]} 47. a5 {[%clk 0:48:51]} Re2 {[%clk 0:51:59]} 0-1

[Event "Glorney Gilbert International 2017 - Glorney"]
[Site "Daventry, England"]
[Date "2017.07.24"]
[Round "2.5"]
[White "Scott, Luke"]
[Black "Chemla, Oscar"]
[Result "1/2-1/2"]
[BlackElo "1984"]
[WhiteElo "1748"]
[LiveChessVersion "1.4.6"]

1. d4 {[%clk 1:30:59]} Nf6 {[%clk 1:30:02]} 2. c4 {[%clk 1:31:03]} c5
{[%clk 1:30:20]} 3. d5 {[%clk 1:31:27]} b5 {[%clk 1:30:33]} 4. cxb5
{[%clk 1:31:51]} a6 {[%clk 1:31:00]} 5. bxa6 {[%clk 1:32:16]} Bxa6
{[%clk 1:31:20]} 6. Nc3 {[%clk 1:32:41]} d6 {[%clk 1:31:45]} 7. e4
{[%clk 1:33:07]} Bxf1 {[%clk 1:32:08]} 8. Kxf1 {[%clk 1:33:33]} g6
{[%clk 1:32:31]} 9. Nf3 {[%clk 1:33:51]} Bg7 {[%clk 1:32:52]} 10. g3
{[%clk 1:34:16]} O-O {[%clk 1:32:57]} 11. Kg2 {[%clk 1:34:42]} Nbd7
{[%clk 1:33:11]} 12. a4 {[%clk 1:35:08]} Qa5 {[%clk 1:31:06]} 13. Re1
{[%clk 1:31:55]} Rfb8 {[%clk 1:27:41]} 14. Qe2 {[%clk 1:23:16]} Nb6
{[%clk 1:18:16]} 15. Bd2 {[%clk 1:06:19]} Qb4 {[%clk 1:09:10]} 16. Reb1
{[%clk 0:49:44]} Qc4 {[%clk 0:51:12]} 17. Qxc4 {[%clk 0:45:55]} Nxc4
{[%clk 0:51:37]} 18. b3 {[%clk 0:46:07]} Nxd2 {[%clk 0:51:48]} 19. Nxd2
{[%clk 0:46:35]} Nd7 {[%clk 0:50:27]} 20. Rc1 {[%clk 0:46:47]} Ne5
{[%clk 0:46:24]} 21. Rab1 {[%clk 0:44:33]} Nd3 {[%clk 0:28:41]} 22. Rc2
{[%clk 0:44:28]} Nb4 {[%clk 0:27:34]} 23. Rcc1 {[%clk 0:44:50]} Nd3
{[%clk 0:17:48]} 24. Rc2 {[%clk 0:43:52]} Nb4 {[%clk 0:18:11]} 25. Rcc1
{[%clk 0:44:14]} 1/2-1/2

[Event "Glorney Gilbert International 2017 - Glorney"]
[Site "Daventry, England"]
[Date "2017.07.24"]
[Round "2.6"]
[White "Shafi, Declan"]
[Black "Gallagher, Daniel Gh"]
[Result "0-1"]
[BlackElo "2147"]
[WhiteElo "2013"]
[LiveChessVersion "1.4.6"]

1. d4 {[%clk 1:30:58]} Nf6 {[%clk 1:30:53]} 2. c4 {[%clk 1:31:23]} g6
{[%clk 1:31:11]} 3. Nc3 {[%clk 1:31:47]} Bg7 {[%clk 1:31:34]} 4. e4
{[%clk 1:32:10]} d6 {[%clk 1:32:01]} 5. Nf3 {[%clk 1:32:35]} O-O {[%clk 1:32:26]}
6. Be2 {[%clk 1:33:01]} e5 {[%clk 1:32:51]} 7. O-O {[%clk 1:33:25]} Nc6
{[%clk 1:33:19]} 8. Be3 {[%clk 1:33:25]} Ng4 {[%clk 1:31:54]} 9. Bg5
{[%clk 1:33:17]} f6 {[%clk 1:31:41]} 10. Bc1 {[%clk 1:32:31]} Nh6
{[%clk 1:12:11]} 11. dxe5 {[%clk 1:25:43]} dxe5 {[%clk 1:12:29]} 12. Qxd8
{[%clk 1:24:42]} Nxd8 {[%clk 1:11:42]} 13. Nd5 {[%clk 1:22:34]} Ne6
{[%clk 1:06:14]} 14. Rd1 {[%clk 1:12:11]} Nf7 {[%clk 1:03:35]} 15. b3
{[%clk 1:09:06]} c6 {[%clk 0:50:47]} 16. Ne7+ {[%clk 1:08:32]} Kh8
{[%clk 0:51:10]} 17. Ba3 {[%clk 1:04:44]} Nf4 {[%clk 0:50:23]} 18. Nxc8
{[%clk 0:43:55]} Nxe2+ {[%clk 0:45:11]} 19. Kf1 {[%clk 0:44:08]} Nc3
{[%clk 0:41:25]} 20. Bxf8 {[%clk 0:38:45]} Bxf8 {[%clk 0:41:35]} 21. Rd7
{[%clk 0:36:55]} Kg7 {[%clk 0:41:38]} 22. Ne7 {[%clk 0:29:53]} Re8
{[%clk 0:40:56]} 23. Nd2 {[%clk 0:27:46]} Bxe7 {[%clk 0:33:41]} 24. Rxb7
{[%clk 0:24:12]} Bc5 {[%clk 0:32:29]} 25. b4 {[%clk 0:20:28]} Re7
{[%clk 0:22:46]} 26. Rxe7 {[%clk 0:18:11]} Bxe7 {[%clk 0:23:15]} 27. c5
{[%clk 0:17:37]} f5 {[%clk 0:22:33]} 28. exf5 {[%clk 0:17:00]} gxf5
{[%clk 0:20:10]} 29. Nc4 {[%clk 0:17:21]} Kf6 {[%clk 0:18:35]} 30. a3
{[%clk 0:16:15]} e4 {[%clk 0:17:50]} 31. Rc1 {[%clk 0:13:23]} Nd5
{[%clk 0:18:11]} 32. Rb1 {[%clk 0:13:27]} Ne5 {[%clk 0:17:15]} 33. Nxe5
{[%clk 0:13:33]} Kxe5 {[%clk 0:17:43]} 34. Rb3 {[%clk 0:13:38]} f4
{[%clk 0:14:03]} 35. Rh3 {[%clk 0:13:10]} Nf6 {[%clk 0:13:38]} 36. Ke2
{[%clk 0:13:09]} h5 {[%clk 0:13:16]} 37. Kd2 {[%clk 0:12:01]} Kd4
{[%clk 0:12:39]} 38. Rh4 {[%clk 0:09:57]} Ng4 {[%clk 0:11:17]} 39. Rxh5
{[%clk 0:09:54]} Nxf2 {[%clk 0:11:39]} 40. Ke2 {[%clk 0:08:56]} e3
{[%clk 0:11:25]} 41. Rh7 {[%clk 0:09:07]} Bf6 {[%clk 0:10:20]} 42. g3
{[%clk 0:07:07]} fxg3 {[%clk 0:04:45]} 43. hxg3 {[%clk 0:07:26]} Be5
{[%clk 0:03:46]} 44. Rd7+ {[%clk 0:06:42]} Ke4 {[%clk 0:03:55]} 45. Re7
{[%clk 0:06:52]} Nh1 {[%clk 0:03:12]} 46. Rxe5+ {[%clk 0:03:49]} Kxe5
{[%clk 0:03:37]} 47. Kxe3 {[%clk 0:04:04]} Nxg3 {[%clk 0:04:01]} 48. Kd3
{[%clk 0:04:18]} Kd5 {[%clk 0:04:07]} 49. Kc3 {[%clk 0:04:31]} Ne4+
{[%clk 0:03:39]} 50. Kb3 {[%clk 0:04:17]} Kd4 {[%clk 0:01:59]} 51. Ka4
{[%clk 0:02:00]} Nxc5+ {[%clk 0:01:16]} 52. Ka5 {[%clk 0:02:03]} Ne6
{[%clk 0:00:52]} 53. Ka6 {[%clk 0:02:19]} Kc4 {[%clk 0:01:18]} 54. Kxa7
{[%clk 0:02:16]} Kb5 {[%clk 0:01:30]} 55. Kb7 {[%clk 0:02:26]} Nd4
{[%clk 0:01:59]} 56. Kc7 {[%clk 0:02:28]} Ka4 {[%clk 0:01:58]} 57. Kb6
{[%clk 0:02:25]} Kxa3 {[%clk 0:02:16]} 58. Kc5 {[%clk 0:02:45]} Kb3
{[%clk 0:02:18]} 59. Kxd4 {[%clk 0:01:18]} Kxb4 {[%clk 0:02:43]} 60. Kd3
{[%clk 0:01:45]} c5 {[%clk 0:02:54]} 0-1

[Event "Glorney Gilbert International 2017 - Glorney"]
[Site "Daventry, England"]
[Date "2017.07.24"]
[Round "2.7"]
[White "Brewer, Callum D"]
[Black "Gray, Euan"]
[Result "1-0"]
[BlackElo "1994"]
[WhiteElo "2015"]
[LiveChessVersion "1.4.6"]

1. e4 {[%clk 1:30:59]} e5 {[%clk 1:30:55]} 2. Nf3 {[%clk 1:31:27]} Nf6
{[%clk 1:31:19]} 3. Nxe5 {[%clk 1:31:56]} d6 {[%clk 1:31:43]} 4. Nf3
{[%clk 1:32:19]} Nxe4 {[%clk 1:32:09]} 5. d4 {[%clk 1:32:46]} d5 {[%clk 1:32:31]}
6. Bd3 {[%clk 1:33:08]} Be7 {[%clk 1:32:55]} 7. O-O {[%clk 1:33:35]} Nc6
{[%clk 1:33:14]} 8. c4 {[%clk 1:34:01]} Nb4 {[%clk 1:33:40]} 9. Be2
{[%clk 1:34:29]} O-O {[%clk 1:33:55]} 10. Nc3 {[%clk 1:34:52]} Nxc3
{[%clk 1:25:27]} 11. bxc3 {[%clk 1:35:05]} Nc6 {[%clk 1:25:55]} 12. cxd5
{[%clk 1:21:53]} Qxd5 {[%clk 1:26:12]} 13. c4 {[%clk 1:21:43]} Qd6
{[%clk 1:14:30]} 14. Be3 {[%clk 0:48:37]} Bf6 {[%clk 1:02:19]} 15. Rc1
{[%clk 0:43:52]} Rd8 {[%clk 0:57:05]} 16. d5 {[%clk 0:41:06]} Ne7
{[%clk 0:40:13]} 17. Qb3 {[%clk 0:37:28]} Nf5 {[%clk 0:36:45]} 18. Rfd1
{[%clk 0:27:31]} Nxe3 {[%clk 0:21:48]} 19. Qxe3 {[%clk 0:26:15]} Qe7
{[%clk 0:14:37]} 20. Qxe7 {[%clk 0:21:47]} Bxe7 {[%clk 0:15:05]} 21. Nd4
{[%clk 0:21:58]} Bc5 {[%clk 0:13:01]} 22. Nb5 {[%clk 0:15:30]} Rd7
{[%clk 0:11:36]} 23. Bf3 {[%clk 0:15:01]} a6 {[%clk 0:06:37]} 24. Nc3
{[%clk 0:14:52]} Ba3 {[%clk 0:06:14]} 25. Re1 {[%clk 0:13:32]} Rd8
{[%clk 0:06:13]} 26. Rb1 {[%clk 0:10:54]} Rb8 {[%clk 0:06:30]} 27. Rb3
{[%clk 0:10:28]} Bf8 {[%clk 0:03:51]} 28. a4 {[%clk 0:05:45]} b6 {[%clk 0:02:31]}
29. a5 {[%clk 0:05:26]} Bd7 {[%clk 0:02:24]} 30. Reb1 {[%clk 0:04:14]} Bc5
{[%clk 0:02:32]} 31. Ne4 {[%clk 0:03:41]} Ba4 32. axb6 {[%clk 0:01:44]} cxb6
{[%clk 0:01:33]} 33. Nxc5 {[%clk 0:01:59]} Bxb3 {[%clk 0:01:38]} 34. Nxb3
{[%clk 0:02:28]} Rbc8 {[%clk 0:01:16]} 35. Nd2 {[%clk 0:01:46]} Rd6
{[%clk 0:01:31]} 36. Ne4 {[%clk 0:01:34]} Rh6 {[%clk 0:01:48]} 37. Be2
{[%clk 0:01:47]} f5 {[%clk 0:02:06]} 38. Ng5 {[%clk 0:01:53]} Rd6
{[%clk 0:01:45]} 39. g3 {[%clk 0:00:45]} b5 {[%clk 0:01:53]} 40. cxb5
{[%clk 0:01:07]} Rb8 {[%clk 0:02:05]} 41. Nf3 {[%clk 0:00:46]} Kf8
{[%clk 0:01:49]} 42. Bc4 {[%clk 0:01:07]} axb5 {[%clk 0:01:51]} 43. Nd4
{[%clk 0:01:34]} b4 {[%clk 0:01:18]} 44. Nc6 {[%clk 0:01:37]} Rb6
{[%clk 0:01:11]} 45. Rb3 {[%clk 0:01:20]} g6 {[%clk 0:00:51]} 46. Nxb4
{[%clk 0:01:16]} Rd8 {[%clk 0:00:41]} 47. Nc6 {[%clk 0:01:43]} Rxb3
{[%clk 0:01:06]} 48. Bxb3 {[%clk 0:02:10]} Rd6 {[%clk 0:01:23]} 49. f4
{[%clk 0:02:01]} Ke8 {[%clk 0:00:47]} 50. Kf2 {[%clk 0:02:22]} Kd7
{[%clk 0:01:08]} 51. Ke3 {[%clk 0:02:35]} Rf6 {[%clk 0:01:30]} 52. Kd4
{[%clk 0:02:49]} Kd6 {[%clk 0:01:55]} 53. Ne5 {[%clk 0:02:55]} Rf8
{[%clk 0:02:12]} 54. Nc4+ {[%clk 0:03:21]} Kd7 {[%clk 0:02:33]} 55. Ba4+
{[%clk 0:03:44]} Ke7 {[%clk 0:02:43]} 56. Kc5 {[%clk 0:03:12]} Ra8
{[%clk 0:02:15]} 57. Nb6 {[%clk 0:03:13]} Ra5+ {[%clk 0:02:12]} 58. Kb4
{[%clk 0:03:10]} 1-0

[Event "Glorney Gilbert International 2017 - Glorney"]
[Site "Daventry, England"]
[Date "2017.07.24"]
[Round "2.8"]
[White "Berera, Siddharth"]
[Black "Miller, Dominic"]
[Result "1/2-1/2"]
[BlackElo "2103"]
[WhiteElo "1712"]
[LiveChessVersion "1.4.6"]

1. e4 {[%clk 1:30:57]} e6 {[%clk 1:30:54]} 2. d4 {[%clk 1:31:20]} d5
{[%clk 1:31:19]} 3. Nc3 {[%clk 1:31:26]} Bb4 {[%clk 1:31:42]} 4. e5
{[%clk 1:31:42]} c5 {[%clk 1:31:52]} 5. a3 {[%clk 1:32:11]} Bxc3+
{[%clk 1:32:14]} 6. bxc3 {[%clk 1:32:38]} Ne7 {[%clk 1:32:39]} 7. h4
{[%clk 1:32:37]} Qa5 {[%clk 1:32:41]} 8. Bd2 {[%clk 1:33:01]} Qa4
{[%clk 1:32:50]} 9. h5 {[%clk 1:33:25]} Nbc6 {[%clk 1:31:22]} 10. h6
{[%clk 1:14:33]} gxh6 {[%clk 1:29:52]} 11. Nf3 {[%clk 1:08:17]} Bd7
{[%clk 1:13:22]} 12. Rb1 {[%clk 0:55:53]} O-O-O {[%clk 1:09:23]} 13. Qc1
{[%clk 0:50:30]} Nf5 {[%clk 0:47:38]} 14. Qb2 {[%clk 0:46:34]} Na5
{[%clk 0:47:23]} 15. Bd3 {[%clk 0:45:32]} Rhg8 {[%clk 0:40:23]} 16. Bxf5
{[%clk 0:35:14]} exf5 {[%clk 0:40:46]} 17. Rxh6 {[%clk 0:30:54]} Bc6
{[%clk 0:34:35]} 18. Bg5 {[%clk 0:24:57]} Rd7 {[%clk 0:31:15]} 19. g3
{[%clk 0:12:08]} a6 {[%clk 0:28:56]} 20. Qb6 {[%clk 0:08:57]} Qxc2
{[%clk 0:24:45]} 21. Rb2 {[%clk 0:06:44]} Qe4+ {[%clk 0:23:27]} 22. Kf1
{[%clk 0:07:12]} Bb5+ {[%clk 0:19:54]} 23. Rxb5 {[%clk 0:06:29]} Qd3+
{[%clk 0:20:19]} 24. Kg2 {[%clk 0:06:28]} Qxb5 {[%clk 0:20:34]} 25. e6
{[%clk 0:04:48]} fxe6 {[%clk 0:20:55]} 26. Qxe6 {[%clk 0:05:09]} Rf8
{[%clk 0:15:49]} 27. Ne5 {[%clk 0:05:07]} Nc4 {[%clk 0:16:09]} 28. Nxd7
{[%clk 0:04:39]} Qxd7 {[%clk 0:16:35]} 29. Qxd7+ {[%clk 0:05:03]} Kxd7
{[%clk 0:17:02]} 30. Rxh7+ {[%clk 0:05:28]} Kc6 {[%clk 0:17:12]} 31. Be7
{[%clk 0:05:36]} Re8 {[%clk 0:16:56]} 32. Bxc5 {[%clk 0:06:04]} Re2
{[%clk 0:17:04]} 33. Rf7 {[%clk 0:02:54]} Rc2 {[%clk 0:17:26]} 34. a4
{[%clk 0:02:57]} Ne3+ {[%clk 0:13:38]} 35. Kf3 {[%clk 0:02:03]} Ng4
{[%clk 0:14:04]} 36. Rxf5 {[%clk 0:02:06]} Nxf2 {[%clk 0:14:29]} 37. g4
{[%clk 0:02:02]} Ne4 {[%clk 0:14:49]} 38. g5 {[%clk 0:02:03]} Rxc3+
{[%clk 0:11:42]} 39. Kf4 {[%clk 0:01:58]} Rc1 {[%clk 0:10:28]} 40. Ke5
{[%clk 0:01:05]} Rg1 {[%clk 0:10:50]} 41. Rf6+ {[%clk 0:01:27]} Kd7
{[%clk 0:08:54]} 42. g6 {[%clk 0:00:41]} Nxf6 {[%clk 0:08:00]} 43. Kxf6
{[%clk 0:01:09]} Ke8 {[%clk 0:08:23]} 44. Kg7 {[%clk 0:01:25]} Rg2
{[%clk 0:08:15]} 45. a5 {[%clk 0:01:41]} Rg1 {[%clk 0:08:41]} 46. Bb6
{[%clk 0:00:45]} Rg2 {[%clk 0:08:14]} 47. Bc5 {[%clk 0:01:13]} Rg4
{[%clk 0:08:34]} 48. Kh7 {[%clk 0:00:59]} Rg2 {[%clk 0:08:51]} 49. Bd6
{[%clk 0:00:54]} Rg1 {[%clk 0:07:58]} 50. Bf4 {[%clk 0:01:05]} Rg4
{[%clk 0:07:50]} 51. Bh6 {[%clk 0:00:38]} Rg2 {[%clk 0:06:19]} 52. Kg7
{[%clk 0:00:36]} Ke7 {[%clk 0:06:00]} 1/2-1/2